01222nam a2200241Ia 4500001000600000003000900006008004100015040001300056040001300069041001300082100001700095100002900112245005200141245005200193250001100245260001400256260001000270260004900280300005700329500053100386650003200917650003100949A4806IT-RoPAU130308s9999 xx 000 0 und d aIT-RoPAU cIT-RoPAU aSPAGNOLO aGubern Roman gCodice Aut. SPICS: 5725 aCine sonoro en la II Republica (1929-1936) (El) bCine Sonoro En la Ii Republica (1929-1936) (El) a1a ed. aBARCELONA bLumen c1977 [1° Ed.:1977 - Ed.Ling.Originale:1977] a"248 p. (prefazione: no ; testo: 248 [pagine: 0-0])" aCinema Sonoro nella Ii Repubblica (1929/1936). Pionieri del Cinema Paleosonoro Spagnolo. produzioni Spagnole in Studi Esteri. impero Hollywoodiano. congresso spagnolo Americano di Cinematografia. Creazione delle infrastrutture del Cinema Sonoro Spagnolo. Cinematografie Periferiche e Il Caso Cifesa.Esperienza del Filmofono. Analisi della Produzione. Registi. immigrazione Straniera. Cinema Documentario. Critica Stapma e Letteratura Cinematografica. Cineclubs Durante la Ii Repubblica. Cinema Amatoriale. Cinema Repubblicano. aSTORIA NAZIONALE DEL CINEMA eCodice materia Spics: 6809